Restart : designing a healthy post-pandemic life / ... Read More
Available copies
- 1 of 1 copy available at LARL/NWRL Consortium.
- 1 of 1 copy available at Lake Agassiz Regional Library. (Show preferred library)
Current holds
0 current holds with 1 total copy.
Show Only Available Copies
| Location | Call Number / Copy Notes | Barcode | Shelving Location | Status | Due Date |
|---|---|---|---|---|---|
| Climax Public Library | 614.5924 DOD (Text) | 33500013535687 | Main | Available | - |
Record details
- ISBN: 9781538160275
- ISBN: 1538160277
- Physical Description: xii, 191 pages ; 23 cm
- Publisher: Lanham, Maryland : Rowman & Littlefield, an imprint of The Rowman & Littlefield Publishing Group, Inc., [2021]
Content descriptions
| Bibliography, etc. Note: | Includes bibliographical references and index. |
| Formatted Contents Note: | Where we've been, where we are, and where we're ... Read More |
| Summary, etc.: | "This book offers recommendations of how to set ... Read More |
Search for related items by subject
| Subject: | COVID-19 Pandemic, 2020- > Psychological aspects. COVID-19 (Disease) > Social aspects. COVID-19 (Disease) > Social aspects. Psychological aspects. |
| LDR | 02427cam a2200469 i 4500 | ||
|---|---|---|---|
| 001 | 383053 | ||
| 003 | LARL_NWRL_CONSORTIUM | ||
| 005 | 20220110165838.0 | ||
| 008 | 210515s2021 mdu b 001 0 eng | ||
| 010 | . | ‡a 2021015941 | |
| 040 | . | ‡aLBSOR/DLC ‡beng ‡erda ‡cDLC ‡dOCLCO ‡dOCLCF ‡dTP7 ‡dUKMGB ‡dYDX ‡dKSL ‡dIP6 ‡dWYG | |
| 015 | . | ‡aGBC1G6217 ‡2bnb | |
| 016 | 7 | . | ‡a020349850 ‡2Uk |
| 019 | . | ‡a1277191878 ‡a1285315472 ‡a1286633247 | |
| 020 | . | ‡a9781538160275 ‡q(hardcover) | |
| 020 | . | ‡a1538160277 ‡q(hardcover) | |
| 020 | . | ‡z9781538160282 ‡qelectronic book | |
| 035 | . | ‡a(OCoLC)1244258765 ‡z(OCoLC)1277191878 ‡z(OCoLC)1285315472 ‡z(OCoLC)1286633247 | |
| 042 | . | ‡apcc | |
| 082 | 0 | 0. | ‡a614.5/92414 ‡223 |
| 100 | 1 | . | ‡aDodgen-Magee, Doreen, ‡eauthor. |
| 245 | 1 | 0. | ‡aRestart : ‡bdesigning a healthy post-pandemic life / ‡cDoreen Dodgen-Magee. |
| 264 | 1. | ‡aLanham, Maryland : ‡bRowman & Littlefield, an imprint of The Rowman & Littlefield Publishing Group, Inc., ‡c[2021] | |
| 300 | . | ‡axii, 191 pages ; ‡c23 cm | |
| 336 | . | ‡atext ‡btxt ‡2rdacontent | |
| 337 | . | ‡aunmediated ‡bn ‡2rdamedia | |
| 338 | . | ‡avolume ‡bnc ‡2rdacarrier | |
| 504 | . | ‡aIncludes bibliographical references and index. | |
| 505 | 0 | . | ‡aWhere we've been, where we are, and where we're going -- The complexities of re-entering embodied living -- For those whose lives have been personally touched by Covid-19 -- Re-entering the work place -- Helping children re-enter -- Habits and norms -- Beginner's mind -- Technology norms to cultivate -- Post pandemic life norms to cultivate. |
| 520 | . | ‡a"This book offers recommendations of how to set norms that will help readers manage anxiety, hesitance, and over excitement about re-entering an interactive world post-pandemic"-- ‡cProvided by publisher. | |
| 650 | 0. | ‡aCOVID-19 Pandemic, 2020- ‡xPsychological aspects. | |
| 650 | 0. | ‡aCOVID-19 (Disease) ‡xSocial aspects. | |
| 650 | 7. | ‡aCOVID-19 (Disease) ‡xSocial aspects. ‡2fast | |
| 650 | 7. | ‡aPsychological aspects. ‡2fast | |
| 647 | 7. | ‡aCOVID-19 Pandemic ‡d(2020-) ‡2fast ‡0(OCoLC)fst02024716 | |
| 776 | 0 | 8. | ‡iOnline version: ‡aDodgen-Magee, Doreen. ‡tRestart ‡dLanham : Rowman & Littlefield, [2021] ‡z9781538160282 ‡w(DLC) 2021015942 |
| 905 | . | ‡uvanderl | |
| 901 | . | ‡a383053 ‡b ‡c383053 ‡tbiblio ‡soclc | |

Add to basket
Permalink
Disable Highlighting